WIIW o ekonomickém výhledu střední a východní Evropy

Prognóza ekonomického rozvoja krajín strednej a východnej Európy, ktorú zverejnil Viedenský ústav pre medzinárodné ekonomické zrovnávanie (WIW). Hodnotenie konjunktúrneho vývoja v jednotlivých krajinách strednej a východnej Európy. Najvyššie hodnotenie krajín visegrádskej skupiny, rast HDP v týchto...

Descripción completa

Guardado en:
Detalles Bibliográficos
Formato: Capítulo de libro
Lenguaje:checo
Materias:
Etiquetas: Agregar Etiqueta
Sin Etiquetas, Sea el primero en etiquetar este registro!

MARC

LEADER 00000naa a2200000 4500
001 r016807
005 20221205102420.2
041 0 |a cze 
044 |a CZ 
245 1 0 |a WIIW o ekonomickém výhledu střední a východní Evropy 
520 |a Prognóza ekonomického rozvoja krajín strednej a východnej Európy, ktorú zverejnil Viedenský ústav pre medzinárodné ekonomické zrovnávanie (WIW). Hodnotenie konjunktúrneho vývoja v jednotlivých krajinách strednej a východnej Európy. Najvyššie hodnotenie krajín visegrádskej skupiny, rast HDP v týchto krajinách. Stagnácia v Rusku a na Ukrajine, predpokladaný ďalší hospodársky pokles. Prognóza vývoja v desiatke vybraných krajín strednej a východnej Európy a vývoj HDP, miery nezamestnanosti, miery inflácie v tab. 
610 2 0 |a prognózy hospodárske 
610 2 0 |a situácia hospodárska 
610 2 0 |a rozvoj hospodársky 
610 2 0 |a konjunktúra hospodárska 
610 2 0 |a stredná Európa 
610 2 0 |a východná Európa 
610 2 0 |a produkt domáci hrubý 
610 2 0 |a 1993-1995 
610 2 0 |a ukazovatele ekonomické 
610 2 0 |a miera inflácie 
610 2 0 |a miera nezamestnanosti